00676nam a2200229Ia 4500003000900000008004100009040001300050040001300063041000800076100002100084245003600105250001000141260001200151260000900163300001100172300001000183490002300193490000700216942000700223999001700230952019900247IT-RoPAU120407s9999 xx 000 0 und d aIT-RoPAU cIT-RoPAU aita aAdriano Ossicini aProblemi di psicologia clinica. aRoma  aStudium c1957 a137 p. c17 cm aUniversale Studium v49 cBK c25437d25437 00102ddc406040_14900000000000071aPAULUSbPAULUSd2012-04-11l0o040.149r2012-04-11 00:00:00w2012-04-11yBKzInserito da: Marisa In data: 04 ottobre 2011 fondo: Via A.Severo 56 Progr:29920